Score 0/15 Timer 04:00
0 Plays Today
Question Answer % Correct
In 'The Twelve Days of Christmas,' what five golden objects are given on the fifth day?rings
89.3%
Per Christian tradition, who brought gold, frankincense, and myrrh to baby Jesus?the Magi
88.1%
According to Aesop's fable, what type of bird laid golden eggs?goose
86.3%
What is the chemical symbol for gold on the periodic table?Au
86.3%
What is the title of William Golding's novel about schoolboys that were stranded on an island?Lord of the Flies
72.9%
Golda Meir was the first female prime minister of which country?Israel
63.5%
What actor starred opposite of Katharine Hepburn and his daughter Jane in 'On Golden Pond'?Henry Fonda
56.8%
The color gold is known as 'or' in heraldry and in what other language?French
54.5%
Question Answer % Correct
What is the name of the lion mascot of Metro Metro-Goldwyn-Mayer Studios (MGM)?Leo
49.6%
How many units must be sold for an album to be certified gold by the RIAA?500,000
49.2%
The video game GoldenEye 007 was released on which video game console in 1997?Nintendo 64
46.4%
From 1985 to 1992, Rue McClanahan played which character on 'The Golden Girls'?Blanche Devereaux
44.4%
Gold Coast is a city in what Australian state?Queensland
42.4%
What commercial bakery manufactures Goldfish crackers?Pepperidge Farm
40.6%
What baseball player has the most Gold Glove Awards won by a single player?Greg Maddux
10.1%
Remove Ads.
Support Sporcle.
Get the best of Sporcle when you Go Orange. This ad-free experience offers more features, more stats, and more fun while also helping to support Sporcle. Thank you for becoming a member.

You're not logged in!

Compare scores with friends on all Sporcle quizzes.
OR
Log In

Show Comments

Extras

Top Quizzes Today


Score Distribution

Your Account Isn't Verified!

In order to create a playlist on Sporcle, you need to verify the email address you used during registration. Go to your Sporcle Settings to finish the process.

Report this User

Report this user for behavior that violates our Community Guidelines.

Details: